| 000 | 01649cam a2200445 a 4500 | ||
|---|---|---|---|
| 001 | 22029 | ||
| 003 | VRT | ||
| 005 | 20260317164611.0 | ||
| 008 | 240226s2002 xo gr 000 f slo | ||
| 015 | _aSNBA2003/04-01253 | ||
| 020 | _a8055103402 | ||
| 035 | _aSNK000395250 | ||
| 035 | _aurn:nbn:sk:snk-am3j02c | ||
| 035 | _a58760FA7-D363-42BB-A7A4-6C1CAC739E8B | ||
| 035 | _aurn:nbn:sk:snk-am00ghgi | ||
| 039 | 9 |
_a202402261450 _bVLOAD _c202205091450 _dVLOAD _c202204221205 _dVLOAD _c202011101404 _dmsnk115 |
|
| 040 |
_aSNK _bslo _cSNK _eAACR2 |
||
| 041 | 1 |
_aslo _heng |
|
| 044 |
_axo _cSK |
||
| 072 | 7 |
_a821.111(73)-3 _xAmerická próza _2konspekt |
|
| 080 |
_a821.111 (73)-3 _21997 |
||
| 080 |
_a821.111(73)-31 _22011 |
||
| 080 |
_a(0:82-312.5) _22011 |
||
| 100 | 1 |
_aAnderson, Catherine, _d1947- _4aut |
|
| 240 | 1 | 0 |
_aBaby love _lSlovensky |
| 245 | 1 | 0 |
_aBezpečné náručie _cCatherine Andersonová ; [z anglického originálu Baby love preložila Judita Schromová] |
| 250 | _a1. vyd. | ||
| 260 |
_aBratislava _bIkar _c2002 |
||
| 300 |
_a277 strán _c21 cm |
||
| 500 | _aÚdaj o prekladateľovi prevzatý z tiráže | ||
| 655 | 7 |
_aľúbostné romány _2SNKPH |
|
| 655 | 7 |
_aamerické romány _2SNKPH |
|
| 700 | 1 |
_aSchromová, Judita _4trl |
|
| 910 | _asnk | ||
| 942 |
_2ddc _cKLDO _n0 |
||
| 949 |
_6270001000198610 _asvkbbA 106470 _bsvkbbm 646713 _p646.713 |
||
| 949 |
_6273K0478068 _asvkpoA 184333 _bsvkpo459958 _qpoškodená väzba _rpoškodená väzba |
||
| 949 |
_617A0354729 _9P60, <03>, [BOOK], {603} _asnkSC 109086 _bsnkKSP 10646/2002 _s6100:20201123 |
||
| 949 |
_617A0354730 _9P60, <05>, [BOOK], {605} _asnkSC 109086 D1 _bsnkKSP 10647/2002 |
||
| 999 |
_c22029 _d22029 |
||